| 000 | 01175nam a2200277Ia 4500 | ||
|---|---|---|---|
| 003 | OSt | ||
| 005 | 20220923211458.0 | ||
| 006 | a|||||r|||| 00| 0 | ||
| 007 | ta | ||
| 008 | 220922b |||||||| |||| 00| 0 ben d | ||
| 020 |
_a9789351711407 (hbk) _c799 |
||
| 024 | _a348,744 | ||
| 037 |
_b238, 16/01/2019, Eastern Book Linkers _cTextual |
||
| 040 |
_aARTS _cARTS _bben |
||
| 041 |
_2ben _aben |
||
| 082 | _aO157,1N17,DE, 152Q9 | ||
| 100 | _aहजारी, ले. | ||
| 245 | 0 |
_aदेवायण एक परिचय _b भारत के तीसरे महाकाव्य की एक संक्षिप्त समीक्षा |
|
| 246 | _aDevāyaṇ ek parichaya: bhārat ke tīsare hinākāvya kī ek sankṣpunta samīkṣhā | ||
| 260 |
_aनयी दिल्ली _b रिर्सच इंडिया प्रेस _c2019 |
||
| 300 |
_a418पृ0 _ccm. |
||
| 650 |
_a बंगाली साहित्य _9156264 |
||
| 650 | _aबंगाली कविता | ||
| 942 |
_hO157,1N17,DE, 152Q9 _cTEXL _2CC |
||
| 999 |
_c299959 _d299959 |
||